Использование современных IT-технологий обучения; Ресурсоэффективные системы в управлении и контроле: взгляд в будущее; Ч. 3

מידע ביבליוגרפי
Parent link:Ресурсоэффективные системы в управлении и контроле: взгляд в будущее: сборник научных трудов II Международной конференции школьников, студентов, аспирантов, молодых ученых, 08 - 12 октября 2013 г./ Национальный исследовательский Томский политехнический университет (ТПУ).— , 2013
Ч. 3.— 2013.— [С. 30-33]
מחבר ראשי: Базыгина А. О.
מחבר תאגידי: Национальный исследовательский Томский политехнический университет (ТПУ) Юргинский технологический институт (филиал) (ЮТИ) Кафедра информационных систем (ИС)
מחברים אחרים: Молнина Е. В. Елена Владимировна (научный руководитель), Ляхова Е. А. Елена Анатольевна
סיכום:Заглавие с титульного экрана
שפה:רוסית
יצא לאור: 2013
סדרה:Новые образовательные технологии в области контроля и управления
נושאים:
גישה מקוונת:http://www.lib.tpu.ru/fulltext/c/2013/C47/V3/012.pdf
פורמט: MixedMaterials אלקטרוני Book Chapter
KOHA link:https://koha.lib.tpu.ru/cgi-bin/koha/opac-detail.pl?biblionumber=603157

MARC

LEADER 00000naa2a2200000 4500
001 603157
005 20260226130831.0
035 |a (RuTPU)RU\TPU\conf\306 
035 |a RU\TPU\conf\305 
090 |a 603157 
100 |a 20131217d2013 k y0rusy50 ca 
101 0 |a rus 
102 |a RU 
135 |a drnn ---uucaa 
181 0 |a i  
182 0 |a b 
200 1 |a Использование современных IT-технологий обучения  |f А. О. Базыгина  |g науч. рук. Е. А. Ляхова 
203 |a Текст  |c электронный 
225 1 |a Новые образовательные технологии в области контроля и управления 
300 |a Заглавие с титульного экрана 
320 |a [Библиогр.: с. 33 (4 назв.)] 
337 |a Adobe Reader 
461 1 |0 (RuTPU)RU\TPU\conf\171  |t Ресурсоэффективные системы в управлении и контроле: взгляд в будущее  |o сборник научных трудов II Международной конференции школьников, студентов, аспирантов, молодых ученых, 08 - 12 октября 2013 г.  |o в 4 ч.  |f Национальный исследовательский Томский политехнический университет (ТПУ)  |d 2013 
463 1 |0 (RuTPU)RU\TPU\conf\290  |t Ч. 3  |v [С. 30-33]  |d 2013 
610 1 |a труды учёных ТПУ 
610 1 |a электронный ресурс 
610 1 |a современные технологии 
610 1 |a IT-технологии 
610 1 |a обучение 
700 1 |a Базыгина  |b А. О. 
702 1 |a Молнина  |b Е. В.  |c российский учёный в области информационных систем  |c старший преподаватель Юргинского технологического института (филиал) Томского политехнического университета  |g Елена Владимировна  |4 727 
702 1 |a Ляхова  |b Е. А.  |c старший преподаватель  |c Юргинский технологический институт (филиал) Томского политехнического университета  |g Елена Анатольевна  |4 727 
712 0 2 |a Национальный исследовательский Томский политехнический университет (ТПУ)  |b Юргинский технологический институт (филиал) (ЮТИ)  |b Кафедра информационных систем (ИС)  |3 (RuTPU)RU\TPU\col\18893 
801 2 |a RU  |b 63413507  |c 20131217  |g RCR 
856 4 |u http://www.lib.tpu.ru/fulltext/c/2013/C47/V3/012.pdf 
942 |c BK